000 00656nam a2200253Ia 4500
005 20260121114144.0
008 008 260114s9999 xx 000 0 eng d
020 _a9781119479420
037 _aEBOOK
040 _aCRL
040 _beng
040 _cCRL
041 _2eng
041 _aeng
084 _qCRL
100 _aNeil Packer
_9971528
245 0 _aConventional and Alternative Power Generation - Thermodynamics, Mitigation and Sustainability
260 _bWiley
260 _c2018
856 _uhttps://onlinelibrary.wiley.com/doi/book/10.1002/9781119479420
942 _cEBOOK
999 _c1550782
_d1550782